000 00673nam a22001697a 4500
005 20251108165450.0
008 250721s1980 xx 000 0 ara d
082 1 4 _aم/020.6/مؤت
111 2 _aالمؤتمر المكتبي (4:1977:السليمانية)
245 1 0 _aالمكتبة في خدمة الفكر القومي التقدمي :
_bوقائع و بحوث المؤتمر المكتبي ... /
264 1 _aالسليمانية :
_bجامعة السليمانية _ جمعية اتحاد المكتبيين العراقيين،
_c1980.
300 _a335ص
650 1 7 _aالمكتبات
650 1 7 _aالمؤتمرات
942 _2ddc
_cREF
999 _c28576
_d28576